| 000 | 00625nam a2200205 a 4500 | ||
|---|---|---|---|
| 001 | 33047 | ||
| 003 | BD-RjUL | ||
| 005 | 20211209051934.0 | ||
| 008 | 140429s1965 nyua 000 0 eng d | ||
| 035 | _a(BD-RjUL)33137 | ||
| 040 |
_aKSW _cKSW _dBD-RjUL _beng |
||
| 041 | _aeng | ||
| 082 |
_a150.724 _bSHL 1965 _223 |
||
| 100 | 1 |
_aShafer, James Nicholas. _d1922- _9100422 |
|
| 245 | 1 | 0 |
_aLaboratory exercises in psychology / _cJames Nicholas Shafer. |
| 260 |
_aNew York : _bHolt, Rinehart and Winston, _cc1965. |
||
| 300 |
_av, 204 p. : _billus. ; _c28 cm. |
||
| 650 | 0 |
_aPsychology _xLaboratory manuals. _9100423 |
|
| 942 |
_2ddc _cBK |
||
| 999 |
_c33047 _d33047 |
||